Democratic U.S. Presidents - Sudden Death - Statistics

General Stats
  • This quiz has been taken 183 times
  • The average score is 9 of 16
Answers on the Grid
Answers color-coded by a green-red scale on the quiz's grid according to % correct below.
John Tyler
Dwight D. Eisenhower
Joe Biden
Ulysses S. Grant
Richard Nixon
William Taft
George W. Bush
Andrew Jackson
Abraham Lincoln
Jimmy Carter
Woodrow Wilson
Chester A. Arthur
Harry S. Truman
Benjamin Harrison
Barack Obama
James A. Garfield
George H.W. Bush
John F. Kennedy
Warren G. Harding
Grover Cleveland
Zachary Taylor
James Buchanan
William H. Harrison
Millard Fillmore
Andrew Johnson
Calvin Coolidge
Rutherford B. Hayes
Franklin Pierce
Donald Trump
Bill Clinton
Herbert Hoover
Martin Van Buren
Theodore Roosevelt
William McKinley
Franklin D. Roosevelt
James K. Polk
Lyndon B. Johnson
Ronald Reagan
Gerald Ford
 
Answer Stats
Answer % Correct
Joe Biden
96%
Barack Obama
81%
John F. Kennedy
77%
Jimmy Carter
73%
Bill Clinton
72%
Lyndon B. Johnson
63%
Franklin D. Roosevelt
62%
Harry S. Truman
59%
Woodrow Wilson
51%
Andrew Jackson
49%
Grover Cleveland
45%
Andrew Johnson
38%
Martin Van Buren
36%
James Buchanan
32%
Franklin Pierce
27%
James K. Polk
26%
No matching quizzes found
Score Distribution
Percent of People with Each Score
Percentile by Number Answered
Your Score History
You have not taken this quiz